000 00432nam a2200157 i 4500
001 63571
003 ES-MaACL
005 20230906164919.0
007 t|
008 031211s1972 sp ||||1| spa d
100 1 _aFerriere, Adolphe.
_950576
245 1 0 _aProblemas de educación nueva /
_cAdolphe Ferriere.
260 _a[Algorta (Vizcaya) :
_bZero,
_c1972]
300 _a231 p. ;
_c20 cm.
852 _aES-MaACL
_jC-48615
_bR.82602
999 _c63571
_d63571